000 00463nam a2200157 i 4500
001 87389
003 ES-MaACL
005 20230906175648.0
007 t|
008 041221s1978 sp ||||1| spa d
100 1 _aKrutwig Sagredo, Federico.
_968926
245 1 0 _aGaraldea
_b: sobre el origen de los vascos /
_cFederico C. Krutwig-Sagredo.
260 _aSan Sebastián :
_bTxertoa,
_c[1978]
300 _a218 p. ;
_c21 cm.
852 _aES-MaACL
_jA-9746
_bR.98617
999 _c87389
_d87389